000 00591nam a22002175i 4500
001 11816
003 ES-MaACL
007 t|
008 940901s1994 sp ||||0| spa j
020 _a84-321-3040-0
040 _aM-BN
_bspa
_cM-BN
080 _a860-14"19"
100 1 _aSerra Manzanares, Berta.
_9105642
245 1 0 _aFrente al mar de Citerea /
_cBerta Serra Manzanares.
260 _aMadrid :
_bRialp,
_c[1994]
300 _a70 p. ;
_c18 cm.
490 1 _aAdonais ;
_v508
830 0 0 _aAdonĂ¡is
_v508
_9173743
852 _aES-MaACL
_jJ-23-508
_bR.125396
999 _c11816
_d11816